Statistics for List all Pokemon Video Games

Click here to take the quiz!

General Stats

  • This quiz has been taken 4,971 times
  • The average score is 27 of 58

Answer Stats

Answer % Correct
Pokémon Blue
98%
Pokémon Red
98%
Pokémon Yellow: Special Pikachu Edition
94%
Pokémon Ruby
93%
Pokémon Gold
93%
Pokémon Black
92%
Pokémon White
92%
Pokémon Silver
92%
Pokémon Green
92%
Pokémon Diamond
89%
Pokémon Sapphire
88%
Pokémon Emerald
87%
Pokémon Pearl
86%
Pokémon FireRed
80%
Pokémon LeafGreen
79%
Pokémon White 2
78%
Pokémon Black 2
78%
Pokémon Platinum
78%
Pokémon Crystal
76%
Pokémon SoulSilver
75%
Pokémon HeartGold
74%
Pokémon Pinball
56%
Pokémon Stadium
56%
Pokémon Snap
52%
Pokémon Ranger
50%
Pokémon Stadium 2
47%
Pokémon XD: Gale of Darkness
43%
Pokémon Mystery Dungeon: Blue Rescue Team
42%
Pokémon Mystery Dungeon: Red Rescue Team
42%
Pokémon Colosseum
41%
Pokémon Trading Card Game
41%
Pokémon Ranger: Shadows of Almia
33%
Pokémon Mystery Dungeon: Explorers of Time
32%
Pokémon Mystery Dungeon: Explorers of Sky
29%
Pokémon Battle Revolution
28%
Pokémon Mystery Dungeon: Explorers of Darkness
28%
Pokémon Ranger: Guardian Signs
27%
Hey You, Pikachu!
25%
Pokémon Rumble
23%
Pokémon Trozei!
21%
PokéPark Wii: Pikachu's Adventure
20%
Pokémon Pinball: Ruby and Sapphire
20%
Pokémon Card GB2
19%
Pokémon Dash
18%
PokéPark 2: Wonders Beyond
17%
My Pokémon Ranch
16%
Pokémon Channel
16%
Pokémon Conquest
16%
Pokémon Puzzle League
14%
Pokémon Rumble Blast
11%
Pokémon Puzzle Challenge
9%
Pokémon Box: Ruby and Sapphire
7%
Battle & Get! Pokémon Typing DS
7%
Pokémon Mystery Dungeon: Keep Going! Blazing Adventure Squad
6%
Pokémon Mystery Dungeon: Let's Go! Stormy Adventure Squad
5%
Pokémon Battrio
5%
Pokémon Mystery Dungeon: Go For It! Light Adventure Squad
5%
Pokémate
4%

Score Distribution

Percentile by Number Answered

Percent of People with Each Score

Your Score History

You have not taken this quiz